| 000 | 02099nam a2200313 a 4500 | ||
|---|---|---|---|
| 001 | 000031102 | ||
| 003 | DO-SdBNP | ||
| 005 | 20211118095309.0 | ||
| 008 | 110613s2007 dr ad r 001 0 spa d | ||
| 020 | _a9789945130379 | ||
| 040 |
_aDO-SdBNP _bspa _cBNPHU |
||
| 082 | 4 |
_a324.63 _bA657s _222 |
|
| 100 | 1 | 0 |
_aAquino R., José Ángel, _957581 |
| 245 | 1 | 0 |
_aSistemas electorales y representación femenina / _cJosé Ángel Aquino R. ; edición de Rafael Menoscal Reynoso. |
| 260 |
_aSanto Domingo : _bJCE, _c2007. |
||
| 300 |
_a61 p. : _bil., gráfcs. ; _c26 cm. |
||
| 490 |
_aEnsayos electorales ; _v3 |
||
| 500 | _aIncluye datos biográficos del autor en la contracubierta. | ||
| 504 | _aBibliografía : p. 59-61. | ||
| 505 | 0 | _aPresentación 9 -- Prólogo 13 -- SISTEMAS ELECTORALES Y REPRESENTACION FEMENINA 15 -- EL SISTEMA ELECTORAL 15 -- Tipos de sistemas electorales 16 -- Componentes de los sistemas electorales 16 -- LA ACCION AFIRMATIVA 19 -- La cuota femenina como mecanismo de acción afirmativa 20 -- Resultados positivos pero limitados 21 -- Situación en América Latina 22 -- SISTEMA ELECTORAL, CUOTA FEMENINA Y REPRESENTACION POLITICA 27 -- Epílogo 31 -- ANEXO -- Evolución estadística de la representacón política femenina en la República Dominicana 33 -- A. Evolución de la participación femenina en el Congreso Nacional y los Ayuntamientos 35 -- B. Regulación de la aplicación de la cuota femenina por la Junta Central Electoral 1998-2006 39 -- C. Candidaturas femeninas presentadas por los partidos políticos que alcanzaron representación congresional y municipal propia 45 -- D. Relación de candidaturas femeninas electas por tipo de circunscripción y partido político 51 | |
| 590 | _aInventariado, 2019/BT | ||
| 650 | 1 | 4 |
_aElecciones _zRepública Dominicana _92992 |
| 650 | 1 | 4 |
_aMujeres en la política _zRepública Dominicana _96586 |
| 650 | 1 | 4 |
_aSufragio femenino _zRepública Dominicana _957582 |
| 700 | 1 |
_aReynoso, Menoscal _eed. _941 |
|
| 830 | 0 |
_aEnsayos electorales ; _n3 _957584 |
|
| 910 | _aValidado. Control de calidad EMS. | ||
| 942 |
_2ddc _cLBS1 |
||
| 999 |
_c30594 _d30594 |
||